| 000 | 00503nam a2200181Ia 4500 | ||
|---|---|---|---|
| 003 | GCL | ||
| 008 | 140319s9999 xx 000 0 ara d | ||
| 040 |
_aGCL / _cGCL |
||
| 082 | 0 | 4 |
_a913.3 _bح ر |
| 100 | 1 | _aعبدالعظيم رمضان | |
| 245 | 1 | 0 |
_aرحلات مؤرخ وخواطر وانطباعات / _cعبدالعظيم رمضان |
| 300 | _a366 ص | ||
| 490 | _a | ||
| 650 | 0 | 4 | _aالعادات والتقاليد |
| 650 | 0 | 4 | _aالرحلات |
| 650 | 0 | 4 | _aالعالم |
| 942 |
_2ddc _cBK |
||
| 999 |
_c44355 _d44355 |
||